000 00556pam a2200181 a 4500
020 _a0865926239
040 _cDLC
082 _a635 ROU 1991 C143 Or.
100 1 _aCooper, Jason,
245 1 0 _aMushrooms /
260 _aVero Beach, Fla. :
_bRourke Enterprises,
_cc1991.
300 _a24 p. :
_bcol. ill. ;
_c20 cm.
490 1 _aThe Earth's garden
500 _aIncludes index.
520 _aAn introduction to the characteristics of mushrooms, how and where they grow, the different species, and their uses.
650 0 _aMushrooms
942 _cAEDBB
999 _c18372
_d18372